{"text_format":"3","workbook":"xls","n_sheets":3,"sheets":["JBL扩声","BOSE扩声","玛田高端扩声"],"not_rendered":{"images":24},"read":"whole","date_system":"1900","formulas":"cached_only"}

{"sheet":"JBL扩声","index":0,"n_rows":13,"n_cols":10,"rows_kept":13,"merged":[[0,0,0,5],[0,6,0,9],[2,0,2,9],[12,1,12,7]],"flags":["formulas_cached_only"]}
["会议室扩声方案"]
["序号","设备名称","品牌","型号","技术参数","单位","数量","单价","小计","类似图"]
["一、扩声系统"]
[1,"主扩音箱","JBL","KES8120","★12\"压铸铝框架内磁式大功率低音驱动单元\n★1.75\"复合振膜高频压缩驱动器\n★箱体采用15mm夹板制作,表面经哑光耐磨喷漆处理\n★80°x50°覆盖角设计,同事具备平滑的轴向和偏轴向频率响应\n★外形时尚,带有防尘面网的16号钢质防护栏栅\n★针对人声的中频表现力和超大功率响应优化设计的分频器\n★SonicGuard™能有效保护高频驱动器\n★可以旋转安装的号角模式\n \n产品描述:\nKES8120是一款音色清晰和浑厚兼具，同事具有非常优良动态的全频扬声器。配置12\"内磁式大功率和高输出的低音单元。以及可旋转安装的恒指向性号角。精密设计的分配器有效减少频段重叠和杜绝相位失真。箱体有18个M8螺纹悬挂点，一个用于安装在柱杆上的35mm插孔。\n结实的箱体能够发出厚实和富有穿透力的人声。声音通彻并且鲜明。KES8120具有合适的低频切除频率。满足高质量音乐重放的需要。同时可以可以匹配超低音获得更加优良的低频响应。从而更加适合应用在各种场所。\n \n应用:\n★KTV扩声应用\n★酒吧，夜总会等现场需要高质量人声和音乐重放的场所\n★作为高性能卫星音箱和超低音音箱搭配使用\n\n \n\n规格:   \n系统:   \n系列类型：  12“ 2分频,低音反射式\n频率范围(-10dB)¹:  50Hz-20kHz\n频率响应(±3dB)¹:  55Hz-20kHz\n灵敏度(1W/1m)¹:  98dB\n额定阻抗:  8ohms\n最大声压级输出:  127dB（峰值130dB）\n覆盖角度:  80°x50°（HxV）\n额定输入功率²:\n(额定/音乐信号/峰值)  475W/950W/1500W\n    \n外形:   \n外形尺寸(HxWxD):  585mmx390mmx405mm\n23\"x15.4\"x16\"\n净重:  21kg(46.3 lbs)\n低音单元:  1个12英寸高输出低音\n高音单元:  1个1.75英寸压缩驱动器\n输入连接器:  2xNeutrik®Spekon®NL4MP\n箱体结构:  六边锲型，15mm夹板\n    \n1 全空间(4π)条件下测定\n2 IEC标准,峰值因数为6dB的粉红噪声在有效频率范围内进行100小时的测试","只",4,4550,18200]
[2,"主扩功放","CROWN","XLi3000","Crown Xli系列是专为娱乐场所、电影院、流动演出、会议室等场所应用而设计的高品质专业级功放，鉴于大部分娱乐场所机柜空间狭小以及为了移动使用的方便，Xli采用了紧凑的结构设计。基于Crown平台专业技术，采用了简洁而高效的放大线路，升级的散热系统设计，保证了产品的极佳表现。60多年以来，Crown始终专注于功放产品的研究与创新，Xli系列专业功放定能给您带来满意的使用体验。\n\nXli系列2通道专业功放包括4个型号：Xli800, Xli1500, Xli2500, Xli3500，产品功率从200W到1000W。Crown在产品品质方面有严格控制的质量体系，在苛刻的环境下使用的可靠性可以得到保障。Xli音质表现细腻甜美，适合各种场合的的应用。\n\nXLI系列功放的主要特点：\n紧凑的2U机身设计\n采用优化的Class-H线路\n采用Ground lift接地技术\n具备完善的保护设计\n采用了隧道式散热器和双风扇散热系统\n","台","2",2680,5360]
[3,"24路数模结合调音台","YAMAHA","MGP24X","16路话筒输入,4立体声输入,四编组+主输出/2辅助发送+2效果发送,每通道话筒输入独立48V电源开关,录音棚级别的A类\"D-PRE\"话放,双效果处理器,iPOD/iPhone数字连接,一体式机柜托架","台","1",8950,8950]
[4,"8进8出数字媒体矩阵","XILICA","A0808-N","8路模拟音频输入口,支持48V幻象电源供给/或选择线路输入\n8路模拟音频输出\nDante网络有16路网络音频输入和16路网络音频输端口\n可进行Dante网络热备份,保证网络传输安全 \n4进2出的逻辑开关接口,可用于火警信息接入,开启投影幕布或调用前8个场景程序\nRJ45 接口用于连接到局域网进行集中管理,软件设计系统为全开放式架构，自由拖拉DSP模块.\n支持自定义PC 控制界面，安卓TOUCH7触摸屏控制，mini墙面面板控制,苹果 IPAD界面控制,第三方设备可控，浏览器访问界面(用SM1服务器时).\n运用Solaro软件平台还可对其他支持TCP/IP协议品牌(ASHLY/RDL/YAMAHA/BOSE)设备进行控制.\n前面板LED屏主要功能包括：\nDHCP的开关(自动分配获取IP地址)\nIP,网关,子关掩码的更改\nMAC码,固件版本的查看 可选择数字音频处理模块\n混音器：标准式混音台、矩阵选择式混音器、立体声混音器,左中右立体声混音器,自动门限混音器,自动增益互补混音器(底噪补偿),优先选择混音器,加法器.\n均衡器：GEQ图示均衡器、PEQ参量均衡器、AFC自动反馈抑制器\n滤波器：高通滤波器、低通滤波器、高频带通滤波器、低频带通滤波器、相位校正滤波器 ◤分频器：2分频, 3分频和4分频\n动态处理器：噪声门,自动电平控制器、压缩器,限幅器、扩展器、闪避器(自动背景音乐衰减)\n路由分配器：1x1 ~ 32x32\n延时器：0 ~ 2s\n控制器：音量控制器、70个模式调用、逻辑控制模块、\n电平表：信号电平表、峰值电平、RMS\n信号发生器：正弦波发生器、粉红噪声发生器、白噪声发生器\n系统诊断模块：传输连接网络诊断功能,密码设置,软件语言选择功能(简体中文/繁体中文/英文)\n多台Neutrino数字音频媒体矩阵可通RJ45网口连接到局域网路由器上,可组成大型控制系统, TOUCH 7通过无线WIFI进行控制Neutrino数字音频媒体矩阵,MINI可用POE进行供电.\nNEUconsole软件可运行在Windows 2000/XP/7平台下,而TOUCH 7的安装软件NEUpanel可运行在安卓平台上. INPUT/OUTPUT接口数量固定,内部数字音频处理模块由用户自由设定\n技术参数：\n模拟音频输入/输出\n输入阻抗：>10k欧姆\n输出阻抗：50k欧姆\n最大电平：+20dBu\n传输方式：平衡方式\n幻象供电：+48V\n音频处理性能： \n处理器：40bit 浮点\n取样频率：48Khz\n转换器：24bit\n频率响应：+/- 0.1dB(20-30kHz)\n动态范围：110dB（未计权）\n共模抑制比：>100dB（50-10kHz）\n串扰：<-100dB\n失真：0.002（1kHz@+4dBu）\n硬件接口 \n模拟音频输入/输出：phoenix 3.5mm\n逻辑输入/输出：phoenix 3.5mm\n以太网口：RJ45 规格\n电源：90-265VAC（50/60Hz）-20VA\n尺寸：483×44×229mm\n重量：5kg","台",1,19500,19500]
[5,"会议话筒","Audio-technica","PRO49QL+AT8668S","专业型鹅颈式话筒\n　　\n　　采用可直接插入的XLRM3pin快速接头设计。\n　　\n　　幻象电源专用，DC9—25V之间自动调整。\n　　\n　　双鹅颈的设计，可自由调整角度。适用于演讲、摄录影或会议系统等需细部设置话筒的场合。\n　　\n　　电源模组直接装在音头的下方，虽为CANON插座，仍具有非常细长的造型设计。\n　　\n　　PRO49QL技术指标\n　　\n　　元件静电型电容式话筒\n　　\n　　指向性单一指向性\n　　\n　　频率响应70-16,000Hz\n　　\n　　开路灵敏度-37dB（14.1mV）re1Vat1Pa\n　　\n　　阻抗100ohms\n　　\n　　最大输入声压级134dBSPL,1kHzat1%T.H.D.\n　　\n　　动态范围（典型值）106dB,1kHzatMaxSPL\n　　\n　　信噪比66dB,1kHzat1Pa\n　　\n　　幻像电源9-52VDC,2mAtypical\n　　\n　　重量84g\n　　\n　　尺寸12.0mmX418.0mm（音头直径X长度）\n　　\n　　输出接口内置三针XLRM卡农公头\n　　\n　　标配AT8146防风绵","套",15,1250,18750]
[6,"8路电源时序器","声准","1018B","空气开关输入接口，方便电力的接入和控制，满足感性负载，耐涌浪冲击；\n30A大电流控制继电器输出，多用途插座；\n标准USB接口灯具辅助照明配置\n待机、运行、全部旁通、单独通道旁通全功能；\n采用SMT、AI、ICT全自动生产和测试技术，保证标准化生产和产品的一致性；\n电力条件：单相3线\n电力线接入端口方式：单相两刀动力型空气开关\n时序通道数量：8通道可输出通道数\n输入最大电流容量：63A(AC220V)\n每通道最大输出电流容量：30A/60s或10Arms\n时序控制每步时间间隔：1sec\nUSB灯座最大输出电压/电流：5V/50mA\n \n功能与使用\n前面板指示功能 \n电源开、待机、运行、全部旁通、单独通道旁通\n前面板使用功能 \n时序电源开关、USB灯电源开关和接口、全部旁通选择、单独通道旁通选择、多功能电源插座\n后面板使用功能 \n接入电力总输入开关和接口、时序电源输出插座、联机输入输出插座\n保护功能 \n空气开关过流自动断路功能\n尺寸/重量 \n产品外形尺寸 (宽x 深x 高) (mm) \n483x26044.5(1U)\n外包装尺寸(宽x 深x 高) (mm) \n560425x80\n净重 \n5.2kg\n毛重 \n5.6kg\n电源 \nAC220V±10% 50~60Hz\n重量：7.3kg","台",1,650,650]
[7,"音箱线",null,null,"2*2.0","米",100,5,500]
[8,"机柜",null,null,"16U","台",1,1200,1200]
[9,"辅材",null,null,"接插件，卡侬公母","批",1,1000,1000]
[10,"合计",{"$nulls":6},74110,"以上报价不含税不含运费不含安装调试费"]

{"sheet":"BOSE扩声","index":1,"n_rows":13,"n_cols":10,"rows_kept":13,"merged":[[0,0,0,5],[0,6,0,9],[2,0,2,9],[12,1,12,7]],"flags":["formulas_cached_only"]}
["会议室扩声方案"]
["序号","设备名称","品牌","型号","技术参数","单位","数量","单价","小计","类似图"]
["一、扩声系统"]
[1,"会议专用箱","BOSE","502A","崭新的5单元列阵式设计——为全频段提供平滑的覆盖进行了优化。\n· 模块化组件使系统设计更加灵活。\n· 典雅美观的造型设计与建筑物融为一体。\n· 全套Bose设计的附件令安装更简便。\n扬声器型号： Bose 502A扬声器\n频率响应： 130Hz-15kHz(±3dB)\n持续功率处理：150W 连续\n阻抗：8Ω\n灵敏度：90dB-SPL,1W,1m（130Hz 至 15kHz）\n最大声输出：\n112dB-SPL, 1m (平均值)\n121dB-SPL, 1m (峰值)\n辐射角度：120? (H), 70? (V)\n外形尺寸：59.7(H)x14.6(W) x17.1(D) cm\n重量：6.8 Kg   ","只",6,5200,31200]
[2,"主扩功放","YYAUDIO","UA800","300W×2/8Ω  500W×2/4Ω\n频响：20Hz-20kHz(+0/-1dB)\n总谐波失真：≤0.15％\n信噪比：≥100dB\n阻尼系数：≥500\n转换速率：≥10V/μs\n输入灵敏度：0.775V/1.0V/32dB\n输入阻抗：20kΩ/10kΩ\n电压增益（8Ω时）：36.0dB\n功放拓扑类别：ClassD\n冷却：Air flow from front to  rear","台","3",2320,6960]
[3,"24路数模结合调音台","YAMAHA","MGP24X","16路话筒输入,4立体声输入,四编组+主输出/2辅助发送+2效果发送,每通道话筒输入独立48V电源开关,录音棚级别的A类\"D-PRE\"话放,双效果处理器,iPOD/iPhone数字连接,一体式机柜托架","台","1",8950,8950]
[null,"8进8出数字媒体矩阵","XILICA","A0808-N","8路模拟音频输入口,支持48V幻象电源供给/或选择线路输入\n8路模拟音频输出\nDante网络有16路网络音频输入和16路网络音频输端口\n可进行Dante网络热备份,保证网络传输安全 \n4进2出的逻辑开关接口,可用于火警信息接入,开启投影幕布或调用前8个场景程序\nRJ45 接口用于连接到局域网进行集中管理,软件设计系统为全开放式架构，自由拖拉DSP模块.\n支持自定义PC 控制界面，安卓TOUCH7触摸屏控制，mini墙面面板控制,苹果 IPAD界面控制,第三方设备可控，浏览器访问界面(用SM1服务器时).\n运用Solaro软件平台还可对其他支持TCP/IP协议品牌(ASHLY/RDL/YAMAHA/BOSE)设备进行控制.\n前面板LED屏主要功能包括：\nDHCP的开关(自动分配获取IP地址)\nIP,网关,子关掩码的更改\nMAC码,固件版本的查看 可选择数字音频处理模块\n混音器：标准式混音台、矩阵选择式混音器、立体声混音器,左中右立体声混音器,自动门限混音器,自动增益互补混音器(底噪补偿),优先选择混音器,加法器.\n均衡器：GEQ图示均衡器、PEQ参量均衡器、AFC自动反馈抑制器\n滤波器：高通滤波器、低通滤波器、高频带通滤波器、低频带通滤波器、相位校正滤波器 ◤分频器：2分频, 3分频和4分频\n动态处理器：噪声门,自动电平控制器、压缩器,限幅器、扩展器、闪避器(自动背景音乐衰减)\n路由分配器：1x1 ~ 32x32\n延时器：0 ~ 2s\n控制器：音量控制器、70个模式调用、逻辑控制模块、\n电平表：信号电平表、峰值电平、RMS\n信号发生器：正弦波发生器、粉红噪声发生器、白噪声发生器\n系统诊断模块：传输连接网络诊断功能,密码设置,软件语言选择功能(简体中文/繁体中文/英文)\n多台Neutrino数字音频媒体矩阵可通RJ45网口连接到局域网路由器上,可组成大型控制系统, TOUCH 7通过无线WIFI进行控制Neutrino数字音频媒体矩阵,MINI可用POE进行供电.\nNEUconsole软件可运行在Windows 2000/XP/7平台下,而TOUCH 7的安装软件NEUpanel可运行在安卓平台上. INPUT/OUTPUT接口数量固定,内部数字音频处理模块由用户自由设定\n技术参数：\n模拟音频输入/输出\n输入阻抗：>10k欧姆\n输出阻抗：50k欧姆\n最大电平：+20dBu\n传输方式：平衡方式\n幻象供电：+48V\n音频处理性能： \n处理器：40bit 浮点\n取样频率：48Khz\n转换器：24bit\n频率响应：+/- 0.1dB(20-30kHz)\n动态范围：110dB（未计权）\n共模抑制比：>100dB（50-10kHz）\n串扰：<-100dB\n失真：0.002（1kHz@+4dBu）\n硬件接口 \n模拟音频输入/输出：phoenix 3.5mm\n逻辑输入/输出：phoenix 3.5mm\n以太网口：RJ45 规格\n电源：90-265VAC（50/60Hz）-20VA\n尺寸：483×44×229mm\n重量：5kg","台",1,19500,19500]
[4,"会议话筒","SHURE","MX418D/C","采用易于更换的设计，具有心形、超心形和全向型三种拾音模式，可为教堂、法庭和会议中心等多种应用场合提供较宽的频率响应和精确的声音重现。此外，电容拾音器头可用于Microflex系列的每个型号，使用更加方便，确保始终如一的音质。\n\nAvailable Options\n\nMicroflex 鹅颈话筒共有四种型号，话筒高度和安装方式各不相同，但都配备舒尔Microflex特有的带LED指示灯的静音开关。每款Microflex鹅颈话筒都 具有高灵敏度和不带变压器的平衡输出，最大程度提高了对电磁交流声和射频干扰的抗扰度，即使是长距离电缆传输也没有问题。每款Microflex鹅颈话筒 都随附完整的安装套件，包括金属锁扣件和泡沫防风罩、扣合式话筒减震架转接头。\n\n型号\n\nMX412/C（心形）、MX412/S（超心形）、MX412/N（无拾音头）: 12英寸鹅颈电容话筒、附加式XLR前置放大器、减震架、法兰支架、扣合式泡沫防风罩。*（可选的桌面底座，带10英尺电缆：A412B）\nMX418/C（心形）、MX418/S（超心形）、MX418/N（无拾音头）: 18英寸鹅颈电容话筒、附加式XLR前置放大器、减震架、法兰支架、扣合式泡沫防风罩。*（可选的桌面底座，带10英尺电缆：A412B）\nMX412D/C（心形）、MX412D/S（超心形）、MX412/N（无拾音头）: 12英寸桌面鹅颈微型电容话筒、带10英尺电缆的桌面底座、扣合式泡沫防风罩。\nMX418D/C（心形）、MX418D/S（超心形）、MX418D/N（无拾音头）: 18英寸桌面鹅颈微型电容话筒、带10英尺电缆的桌面底座、扣合式泡沫防风罩。\nMX412E/C（心形）、MX412E/S（超心形）、MX412E/N（无拾音头）: 12英寸鹅颈电容话筒、减震架、法兰支架、10英寸侧出口（或底出口）电缆、扣合式防风罩、串联式前置放大器。\nMX418E/C（心形）、MX418E/S（超心形）、MX418E/N（无拾音头）: 18英寸鹅颈电容话筒、减震架、法兰支架、10英寸侧出口（或底出口）电缆、扣合式防风罩、串联式前置放大器。\nMX412S/C（心形）、MX412S/S（超心形）、MX412S/N（无拾音头）: 12英寸鹅颈电容话筒、附加式XLR前置放大器、减震架、法兰支架、扣合式泡沫防风罩/静音开关、LED指示灯。*（可选的桌面底座，带10英尺电缆：A412B）\nMX418S/C（心形）、MX18S/S（超心形）、MX418S/N（无拾音头）: 18英寸鹅颈电容话筒、附加式XLR前置放大器、减震架、法兰支架、扣合式泡沫防风罩/静音开关、LED指示灯*（可选的桌面底座，带10英尺电缆：A412B）","套","15",1850,27750]
[6,"8路电源时序器","声准","1018B","空气开关输入接口，方便电力的接入和控制，满足感性负载，耐涌浪冲击；\n30A大电流控制继电器输出，多用途插座；\n标准USB接口灯具辅助照明配置\n待机、运行、全部旁通、单独通道旁通全功能；\n采用SMT、AI、ICT全自动生产和测试技术，保证标准化生产和产品的一致性；\n电力条件：单相3线\n电力线接入端口方式：单相两刀动力型空气开关\n时序通道数量：8通道可输出通道数\n输入最大电流容量：63A(AC220V)\n每通道最大输出电流容量：30A/60s或10Arms\n时序控制每步时间间隔：1sec\nUSB灯座最大输出电压/电流：5V/50mA\n \n功能与使用\n前面板指示功能 \n电源开、待机、运行、全部旁通、单独通道旁通\n前面板使用功能 \n时序电源开关、USB灯电源开关和接口、全部旁通选择、单独通道旁通选择、多功能电源插座\n后面板使用功能 \n接入电力总输入开关和接口、时序电源输出插座、联机输入输出插座\n保护功能 \n空气开关过流自动断路功能\n尺寸/重量 \n产品外形尺寸 (宽x 深x 高) (mm) \n483x26044.5(1U)\n外包装尺寸(宽x 深x 高) (mm) \n560425x80\n净重 \n5.2kg\n毛重 \n5.6kg\n电源 \nAC220V±10% 50~60Hz\n重量：7.3kg","台",1,650,650]
[7,"音箱线",null,null,"2*2.0","米",100,5,500]
[8,"机柜",null,null,"16U","台",1,1200,1200]
[9,"辅材",null,null,"接插件，卡侬公母","批",1,1000,1000]
[10,"合计",{"$nulls":6},97710,"以上报价不含税不含运费不含安装调试费"]

{"sheet":"玛田高端扩声","index":2,"n_rows":13,"n_cols":10,"rows_kept":13,"merged":[[0,0,0,5],[0,6,0,9],[2,0,2,9],[12,1,12,7]],"flags":["formulas_cached_only"]}
["会议室扩声方案"]
["序号","设备名称","品牌","型号","技术参数","单位","数量","单价","小计","类似图"]
["一、扩声系统"]
[1,"同轴差分12寸音箱","Martin audio","CDD12","型紧凑，高输出，同轴差分分散\n被动双向系统\n频率响应（5）62hz-20khz±3dB，-10dB @ 50Hz\n司机如果：12“（300mm）/ 2.5”（63.5mm）音圈，远足，\n高频的铁氧体运动系统\n高频：1”（25mm）出口/ 1.7”（44mm）音圈，聚酰亚胺的穹顶\n压缩驱动器\n（2）额定功率300W的AES，1200W峰值\n推荐放大器ma2.0，ma3.0\n（8）灵敏度97dB\n最大声压级（9）：122dB连续，128dB峰值\n标称阻抗8欧姆\n色散（-6dB）110˚- 60˚水平，60˚垂直（用户可旋转）\n交叉1.9khz被动\n外壳38升，复合材料\n黑色或白色纹理漆\n保护格栅，黑色或白色的穿孔钢平纹布衬\n连接器低调20A推锁\n引脚连接左至右：输入+，输入-，链接-，链接+\n配件6×M8插入墙支架\n10×M8飞点\n尺寸（W）360mm x（H）571mm x（D）350mm\n（W）14.2ins x（H）22.5ins x（D）13.8ins\n重量19.3kg（42.5lbs）\n附件cddwb10 / 12b墙支架黑色\ncddwb10 / 12W墙架白色\ncddya12b轭装配黑色\ncddya12w轭组件白","只",4]
[2,"高端环牛功放","COBRA-2","ID850","850Wx2/8Ω，1350Wx2/4Ω\n频率响应:20Hz-20kHz(+0/-1dB)\n总谐波失真: <0.05％\n信噪比:≥100dB\n阻尼系数:≥300\n分离度:≥60dB\n转换速率:≥10V/μs\n输入灵敏度:0.775V/1.0V/1.4V\n输入阻抗（平衡/不平衡）:40kΩ/20kΩ\n电压增益（8Ω时）:39.3dB\n功放拓扑类别:I","台","2"]
[3,"24路数模结合调音台","YAMAHA","MGP24X","16路话筒输入,4立体声输入,四编组+主输出/2辅助发送+2效果发送,每通道话筒输入独立48V电源开关,录音棚级别的A类\"D-PRE\"话放,双效果处理器,iPOD/iPhone数字连接,一体式机柜托架","台","1"]
[4,"8进8出数字媒体矩阵","XILICA","A0808AEC-N","8 路模拟音频输入口,支持 48V 幻象电源供给/或选择线路输入\n8 路模拟音频输出\nDante网络有16路网络音频输入和16路网络音频输端口\n可添加多路 AEC 自动回声抑制功能模块\n4 进 2 出的逻辑开关接口,可用亍火警信息接入,开启投影幕布或调用前 8 个场景程序\nRJ45 接口用于连接到局域网进行集中管理,软件设计系统为全开放式架构，自由拖拉DSP模块，可自定义PC 控制界面，安卓TOUCH7触摸屏，mini墙面面板,苹果 IPAD界面,第三设备可控，浏览器访问界面(用SM1服务器时)，运用Solaro软件通过IPAD平台还可对其他支持TCP/IP协议设备进行控制\n前面板 LED 屏主要功能包括\nDHCP 的开关(自动分配获取 IP 地址)\nIP,网关,子关掩码的更改\nMAC 码,固件版本的查看\n可选择数字音频处理模块\n混音器：标准式混音台、矩阵选择式混音器、立体声混音器,左中右立体声混音器,自动门限混音器,自动增益互补混音器\n (底噪补偿),优先选择混音器,加法器.\n均衡器：GEQ 图示均衡器、PEQ 参量均衡器、AFC 自动反馈抑制器\n滤波器：高通滤波器、低通滤波器、高频带通滤波器、低频带通滤波器、相位校正滤波器\n分频器：2 分频, 3 分频和 4 分频\n动态处理器：噪声门,自动电平控制器、压缩器,限幅器、扩展器、闪避器(自动背景音乐衰减)\n路由分配器：1x1 ~ 32x32\n延时器：0 ~ 2s\n控制器：音量控制器、70 个模式调用、逻辑控制模块、\n电平表：信号电平表、峰值电平、RMS\n信号发生器：正弦波发生器、粉红噪声发生器、白噪声发生器\n系统诊断模块：传输连接网络诊断功能,密码设置,软件语言选择功能(简体中文/繁体中文/英文)\n多台 Neutrino 数字音频媒体矩阵可通 RJ45 网口连接到局域网路由器上,可组成大型控制系统, TOUCH 7 通过无线 WIFI 进行控 制 Neutrino 数字音频媒体矩阵,MINI 可用 POE 进行供电.\nNEUconsole 软件可运行在 Windows 2000/XP/7 平台下,而 TOUCH 7 的安装软件 NEUpanel 可运行在安卓平台上.\nINPUT/OUTPUT 接口数量固定,内部数字音频处理模块由用户自由设定\n技术参数：\n模拟音频输入/输出\n输入阻抗：>10k欧姆\n输出阻抗：50k欧姆\n最大电平：+20dBu\n传输方式：平衡方式\n幻象供电：+48V\n音频处理性能： \n处理器：40bit 浮点\n取样频率：48Khz\n转换器：24bit\n频率响应：+/- 0.1dB(20-30kHz)\n动态范围：110dB（未计权）\n共模抑制比：>100dB（50-10kHz）\n串扰：<-100dB\n失真：0.002（1kHz@+4dBu）\n硬件接口 \n模拟音频输入/输出：phoenix 3.5mm\n逻辑输入/输出：phoenix 3.5mm\n以太网口：RJ45 规格\n电源：90-265VAC（50/60Hz）-20VA\n尺寸：483×44×229mm\n重量：5kg","台",1]
[5,"无线会议套装","SHURE","SLX4+MX890+MX415LP/C","（套装）无线鹅颈会议话筒，含：SLX4无线接收机+MX890无线发射底座+MX415LP/C鹅颈式话筒 小巧美观的式样设计\n较宽的动态范围和平稳的频率响应\n采用CommShield®防射频干扰技术\n可选5英寸（12.7厘米）、10英寸（25.4厘米）、15英寸(38.1 厘米)三种长度\n心形和超心形拾音模式\n双色状态显示灯（标准型号）或单色灯环（“R”型号）\n可编程的静音开关（仅限桌面型号）\n用于远端LED和静音控制的逻辑输入∕输出，视底座选择而定\n可选表面安装底座和有线/无线桌面底座\n重量: MX405: 540 g; MX410: 680g MX415: 700 g","套",15]
[7,"8路电源时序器","声准","1018B","空气开关输入接口，方便电力的接入和控制，满足感性负载，耐涌浪冲击；\n30A大电流控制继电器输出，多用途插座；\n标准USB接口灯具辅助照明配置\n待机、运行、全部旁通、单独通道旁通全功能；\n采用SMT、AI、ICT全自动生产和测试技术，保证标准化生产和产品的一致性；\n电力条件：单相3线\n电力线接入端口方式：单相两刀动力型空气开关\n时序通道数量：8通道可输出通道数\n输入最大电流容量：63A(AC220V)\n每通道最大输出电流容量：30A/60s或10Arms\n时序控制每步时间间隔：1sec\nUSB灯座最大输出电压/电流：5V/50mA\n \n功能与使用\n前面板指示功能 \n电源开、待机、运行、全部旁通、单独通道旁通\n前面板使用功能 \n时序电源开关、USB灯电源开关和接口、全部旁通选择、单独通道旁通选择、多功能电源插座\n后面板使用功能 \n接入电力总输入开关和接口、时序电源输出插座、联机输入输出插座\n保护功能 \n空气开关过流自动断路功能\n尺寸/重量 \n产品外形尺寸 (宽x 深x 高) (mm) \n483x26044.5(1U)\n外包装尺寸(宽x 深x 高) (mm) \n560425x80\n净重 \n5.2kg\n毛重 \n5.6kg\n电源 \nAC220V±10% 50~60Hz\n重量：7.3kg","台",1]
[8,"音箱线",null,null,"2*3.0带护套","米",100]
[9,"机柜",null,null,"16U","台",1]
[10,"辅材",null,null,"接插件，卡侬公母","批",1]
[11,"合计",{"$nulls":6},462541,"以上报价不含税不含运费不含安装调试费"]